| 000 | 00850nam a22002777a 4500 | ||
|---|---|---|---|
| 001 | 6789 | ||
| 003 | FISKH | ||
| 005 | 20250528115301.0 | ||
| 008 | 250528b cb ||||| |||| 00| 0 eng d | ||
| 020 | _a9780756645274 | ||
| 040 |
_aFISKH _beng _cFISKH _dFISKH |
||
| 050 | _aPZ7.S42535 S | ||
| 082 | _a428.6 | ||
| 100 | _aScott, Header | ||
| 245 |
_aStar wars the clone wars: _bJedi adventures / _cWritten by Header Scott |
||
| 260 |
_aNew York : _bDK Publishing, _c2009 |
||
| 300 |
_a48 pages : _bcolor illustrations ; _c23 cm |
||
| 490 |
_aDK readers : _vLevel 4 |
||
| 505 | _aR | ||
| 520 | _aFollow Jedit Ahsoka, Anakin and Luminara Unduli on their adventures in the dangerous Clone Wars. | ||
| 521 | 8 |
_a660
_bLexile estimate |
|
| 521 | 8 |
_aR
_bRaz-Plus |
|
| 650 |
_aAdventure _vAction |
||
| 942 |
_2ddc _cBK _n0 |
||
| 999 |
_c6789 _d6789 |
||